000
00257nam a2200109Ia 4500
008
190914s9999||||xx |||||||||||||| ||und||
100
_a
Hakeem,Hamid A.
245
0
_a
Business Mathematics
260
_a
New York
_b
Addision
_c
2002
300
_a
544
942
_c
BK
999
_c
8646
_d
8646